000 00606cam a2200193 a 4500
001 000019250
005 20200929165948.0
008 960307s1974 ve 000 e spa d
040 _aDO-SdBNP
_bspa
_cDLC
_dBNPHU
082 _aVe864.44
_bU81t
100 1 _aUrriola, José Santos,
_d1927-
_941423
245 1 0 _aTrazos en arena :
_bcrónicas /
_cJosé Santos Urriola.
260 _aCaracas, (Venezuela) :
_bEdiciones Centauro,
_c1974.
300 _a251 p. ;
_c16 cm.
650 4 _aEnsayos venezolanos
_94376
650 4 _aLiteratura venezolana
_93816
910 _aCatalogación derivada / LC
049 _aBNGR
999 _c18768
_d18768